<?xml version="1.0" encoding="UTF-8"?>
<collection xmlns="http://www.loc.gov/MARC21/slim">
 <record>
  <leader>01919nam a22002297a 4500</leader>
  <controlfield tag="001">NCT_146809</controlfield>
  <controlfield tag="008">230403b        xxu||||| |||| 00| 0 vie d</controlfield>
  <datafield tag="999" ind1=" " ind2=" ">
   <subfield code="c">7561</subfield>
   <subfield code="d">7561</subfield>
  </datafield>
  <datafield tag="020" ind1=" " ind2=" ">
   <subfield code="a">9786048987411</subfield>
   <subfield code="c">999000</subfield>
  </datafield>
  <datafield tag="082" ind1="0" ind2="4">
   <subfield code="2">23rd ed.</subfield>
   <subfield code="a">133</subfield>
   <subfield code="b">H401</subfield>
  </datafield>
  <datafield tag="100" ind1="1" ind2=" ">
   <subfield code="a">Thiệu Vĩ Hoa</subfield>
  </datafield>
  <datafield tag="245" ind1="1" ind2="0">
   <subfield code="a">Bách khoa thư phong thủy:</subfield>
   <subfield code="b">Dương trạch, âm phần diệu dụng</subfield>
   <subfield code="c">Thiệu Vĩ Hoa; Đan Long (dịch), Thích Minh Nghiêm (hiệu đính)</subfield>
  </datafield>
  <datafield tag="260" ind1=" " ind2=" ">
   <subfield code="a">H.</subfield>
   <subfield code="b">Hồng Đức</subfield>
   <subfield code="c">2019</subfield>
  </datafield>
  <datafield tag="300" ind1=" " ind2=" ">
   <subfield code="a">999 tr.</subfield>
   <subfield code="c">27 cm</subfield>
  </datafield>
  <datafield tag="520" ind1="3" ind2=" ">
   <subfield code="a">Nội dung sách  đơn giản mà dễ hiểu, ngôn ngữ văn tự sinh động, hấp dẫn, diễn giải một cách trong sáng về những tri thức văn hóa lý luận cổ đại. Với hơn 300 bức hình tinh mỹ thể hiện phương án bố trí nhà ở đảm bảo sự hạnh phúc khỏe mạnh, cùng với hình thức lựa chọn 2000 câu hỏi đáp trực quan về tri thức phong thủy nhà ở phức tạp, đi từ dễ đến khó, từ đơn giản đến phức tạp, giản dị, rành mạch và thực dụng, cuốn sách này có thể giúp bạn giải quyết các vấn đề phong thủy trong đời sống hàng ngày, tạo nên một ngôi nhà có phong thủy quý theo phong cách hiện đại.</subfield>
  </datafield>
  <datafield tag="653" ind1=" " ind2=" ">
   <subfield code="a">Tham khảo</subfield>
  </datafield>
  <datafield tag="700" ind1="1" ind2=" ">
   <subfield code="a"> Đan Long</subfield>
   <subfield code="e">Dịch</subfield>
  </datafield>
  <datafield tag="700" ind1="1" ind2=" ">
   <subfield code="a">Thích Minh Nghiêm</subfield>
   <subfield code="e">Hiệu đính</subfield>
  </datafield>
  <datafield tag="942" ind1=" " ind2=" ">
   <subfield code="2">ddc</subfield>
   <subfield code="c">BK</subfield>
  </datafield>
  <datafield tag="952" ind1=" " ind2=" ">
   <subfield code="0">0</subfield>
   <subfield code="1">0</subfield>
   <subfield code="2">ddc</subfield>
   <subfield code="4">0</subfield>
   <subfield code="6">133_000000000000000_H401</subfield>
   <subfield code="7">0</subfield>
   <subfield code="9">27264</subfield>
   <subfield code="a">000001</subfield>
   <subfield code="b">000001</subfield>
   <subfield code="d">2023-04-04</subfield>
   <subfield code="o">133 H401</subfield>
   <subfield code="p">TK.03251</subfield>
   <subfield code="r">2023-04-04</subfield>
   <subfield code="v">999000.00</subfield>
   <subfield code="w">2023-04-04</subfield>
   <subfield code="y">BK</subfield>
  </datafield>
  <datafield tag="952" ind1=" " ind2=" ">
   <subfield code="0">0</subfield>
   <subfield code="1">0</subfield>
   <subfield code="2">ddc</subfield>
   <subfield code="4">0</subfield>
   <subfield code="6">133_000000000000000_H401</subfield>
   <subfield code="7">0</subfield>
   <subfield code="9">27265</subfield>
   <subfield code="a">000001</subfield>
   <subfield code="b">000001</subfield>
   <subfield code="d">2023-04-04</subfield>
   <subfield code="o">133 H401</subfield>
   <subfield code="p">TK.03252</subfield>
   <subfield code="r">2023-04-04</subfield>
   <subfield code="v">999000.00</subfield>
   <subfield code="w">2023-04-04</subfield>
   <subfield code="y">BK</subfield>
  </datafield>
  <datafield tag="980" ind1=" " ind2=" ">
   <subfield code="a">Thư viện Trường Đại học Nam Cần Thơ</subfield>
  </datafield>
 </record>
</collection>
